000 00607cam a2200205 4500500
005 20260405003445.0
041 _afre
042 _adc
100 1 0 _aN’Diaye, Aïda
_eauthor
245 0 0 _aAu voleur ! Anarchisme et philosophie
260 _c2022.
500 _a50
690 _aAnarchie
690 _aCatherine Malabou
690 _aDomination
690 _aGouvernement
690 _aPouvoir
786 0 _nPhilosophie magazine | 156 | 2 | 2022-02-01 | p. 56-57 | 1951-1787
856 4 1 _uhttps://shs.cairn.info/magazine-philosophie-magazine-2022-2-page-56?lang=fr&redirect-ssocas=7080
999 _c2067693
_d2067693